| 000 | 02225nam0a2200433 4500 | ||
|---|---|---|---|
| 001 | RU\NLR\bibl\413346 | ||
| 005 | 20260406042108.0 | ||
| 010 |
_a5-88200-651-1 _9100 |
||
| 021 |
_aRU _b2003-15903 _9737 |
||
| 035 | _a(NLR Aleph) 000407388 | ||
| 090 |
_a613343 _c613343 |
||
| 100 | _a20030523d2002 |||y0rusy50 ca | ||
| 101 | 0 |
_ager _arus |
|
| 102 | _aRU | ||
| 105 | _ay ||||||||| | ||
| 200 | 1 |
_aШкола в Германии: проблемы и решения _dSchule in Deutschland: probleme und lєosungen _eМатериалы к спецкурсу "Страноведение" _fМ. Г. Зельвянский, В. П. Макарова, И. В. Лебедева, Т. А. Бударина _gМ-во образования Рос. Федерации, Астрах. гос. пед. ун-т _zger |
|
| 210 |
_aАстрахань _cИзд-во Астрах. гос. пед. ун-та _d2002 |
||
| 215 |
_a70, [1] с. _d22 |
||
| 300 | _aАвт. также на нем. яз.: M. Zelvianski, W. Makarowa, I. Lebedewa, T. Budarina | ||
| 510 | 1 |
_aSchule in Deutschland: probleme und lєosungen _zger |
|
| 606 | 0 |
_aНемецкий язык _jУчебные издания для высших учебных заведений _91063964 _3RU\NLR\auth\66413315 |
|
| 610 | 0 | _aНемецкий язык | |
| 610 | 0 | _aШкола - Хрестоматии на иностранных языках | |
| 610 | 0 | _aГермания, образование | |
| 675 |
_a811.112.2(075.8) _v3 _zrus |
||
| 686 |
_a16.41 _2rugasnti |
||
| 686 |
_a81.2Нем-923 _2rubbk |
||
| 686 |
_aШ143.24-93рус3 _bД890(4Г) |
||
| 701 | 1 |
_4070 _8rus _7ca _aЗельвянский _bМ.Г. _gМихаил Георгиевич _3RU\NLR\AUTH\772392 _9112404 |
|
| 701 | 1 |
_4070 _aМакарова _bВ. П. _cфилолог, нем. язык _gВалентина Петровна _9225908 _3RU\NLR\AUTH\770225964 |
|
| 701 | 1 |
_aЛебедева _bИ. В. _gИрэна Валерьевна _4070 |
|
| 701 | 1 |
_aБударина _bТ. А. _gТатьяна Александровна _4070 |
|
| 801 | 0 |
_aRU _bRKP _c20030523 _gPSBO |
|
| 801 | 1 |
_aRU _bRKP _c20030523 |
|
| 801 | 2 |
_aRU _bNLR _c20060525 _grcr |
|
| 942 | _cBOOK | ||
| 980 | _aNB | ||